| 000 | 00321nam a2200097Ia 4500 | ||
|---|---|---|---|
| 082 | _a658.402 MDHL | ||
| 245 | 0 | _aEffective teamwork : building relationships and mending the weak-link | |
| 100 |
_a Mdhluli, M. A. Nelspruit, South Africa, [2010?] _983341 |
||
| 942 | _cBK | ||
| 008 | 210817s9999 xx 000 0 und d | ||
| 999 |
_c303501 _d303499 |
||